[Event "VIE-ch U07"]
[Site "Ho Chi Minh City"]
[Date "2014.07.17"]
[Round "7"]
[White "Vu, Cao Minh"]
[Black "Nguyen, Thanh Khoa"]
[Result "1-0"]
[WhiteElo "1383"]
[BlackElo "1396"]
[PlyCount "20"]
[EventDate "2014.07.13"]
[EventType "swiss"]
[EventRounds "9"]
[EventCountry "VIE"]
[SourceTitle "EXT 2016"]
[Source "ChessBase"]
[SourceDate "2015.10.08"]
[SourceVersion "1"]
[SourceVersionDate "2015.10.08"]
[SourceQuality "1"]

1. Nf3 Nc6 2. g3 e5 3. d3 g6 4. Bg2 Bg7 5. 0-0 Nge7 6. Nbd2 0-0 7. Nb3 d6 8. Bd2 b5 9. Na5 Nxa5 10. Bxa5 a6 1-0